LEADER 06206 am 2200577 n 450 001 9910502599303321 005 20240124203926.0 010 $a979-1-03-657739-0 024 7 $a10.4000/books.pup.46813 035 $a(CKB)4100000012052865 035 $a(FrMaCLE)OB-pup-46813 035 $a(oapen)https://directory.doabooks.org/handle/20.500.12854/86416 035 $a(PPN)258323884 035 $a(EXLCZ)994100000012052865 100 $a20211015j|||||||| ||| 0 101 0 $afre 135 $auu||||||m|||| 181 $ctxt$2rdacontent 182 $cc$2rdamedia 183 $acr$2rdacarrier 200 10$aAntijudaïsme et antisémitisme en Algérie coloniale $e1830-1964 /$fGeneviève Dermenjian 210 $aAix-en-Provence $cPresses universitaires de Provence$d2021 215 $a1 online resource (356 p.) 225 1 $aLe temps de l?histoire 311 $a979-1-03-200178-3 327 $tUne longue hostilite? antijuive --$tLes Juifs d'Alge?rie (1830-1895) --$tEntre francisation et hostilite? --$t1830-1870 : L'occupation de l'Alge?rie --$tL'arrive?e des Franc?ais --$tLa France et les Juifs --$t1870-1895 : la monte?e des pe?rils --$tLa "crise antijuive" (1895-1902) --$t1895-1898: les antijuifs au pouvoir --$tApoge?e et de?clin de la crise --$tTenants et aboutissants d'une crise --$tDe crise en crise (1902-1940) --$t1902-Anne?es 1920 : apaisement et renaissance de l'antise?mitisme --$tAnne?es 1930 : la crise se ge?ne?ralise --$tLe sommet de la crise (1935-1938) --$tL'avant-guerre --$tLes Juifs d'Alge?rie pendant la Seconde Guerre mondiale (1940-1943) --$t1940-1942 : Vichy et l'Alge?rie --$tLa socie?te? europe?enne pendant la Seconde Guerre mondiale --$tL'antise?mitisme d'E?tat --$tLa re?cupe?ration des droits politiques --$tDe la Seconde Guerre mondiale a? l'inde?pendance de l'Alge?rie (1942-1962) --$tEntre guerre et inde?pendance --$tLes relations entre populations : te?moignages --$tLes populations d'Alge?rie et l'antise?mitisme --$tL'opposition aux antise?mites et ses limites --$tLes milieux politiques et religieux --$tLes milieux administratifs --$tDes initiatives individuelles --$tLes associations me?tropolitaines --$tLes Juifs d'Alge?rie --$tEntre francisation et antise?mitisme --$tLes chemins de la francisation --$tRe?ponses individuelles a? l'antise?mitisme : 1870-1943 --$tAgir collectivement contre l'antise?mitisme : 1915-1943 --$tAgir pendant la Seconde Guerre mondiale 1940-1943 --$tLes Musulmans et l'antise?mitisme --$tMusulmans et Juifs de 1870 a? 1914 --$tLes tensions entre Musulmans et Juifs dans l'entre-deux-guerres --$tMusulmans et antise?mitisme pendant la Seconde Guerre mondiale --$tUn moment d'extre?me tension entre populations --$tConstantine, aou?t 1934 --$tConstantine, aou?t1934 : les e?meutes --$tUn re?ve?lateur d'hostilite?s structurelles --$tDe quoi les e?meutes sont-elles le signe profond ? --$tLa mouvance antijuive en pe?riode de crise --$tLe mouvement antise?mite --$tLes fondements the?oriques --$tE?tre ou devenir Franc?ais --$tLes dirigeants --$tL'appareil --$tPourquoi adhe?rer --$tHommes et femmes dans l'antise?mitisme --$tL'antise?mitisme dans l'espace public (1870-1943) --$tVivre ensemble --$tL'occupation de la rue --$tFe?tes populaires et manifestations --$tAntise?mitisme et langue franc?aise --$tLe poids des mots --$tLangue et identite? nationale --$tLangue et antise?mitisme --$tQuelques usages antise?mites de la langue --$tL'antise?mitisme dans la presse (1870-1943) --$tLa presse en Alge?rie, un aperc?u --$tLa presse antijuive --$tLe contenu --$tLes caricatures antise?mites (1860-1943) --$tLa caricature antijuive en Alge?rie --$tDe?signer et marginaliser --$tDu discours a? l'action --$tRepre?senter les hommes et les femmes --$tMasculin, fe?minin et antise?mitisme dans les symboles nationaux. 330 $aPendant la période française (1830-1962), les Juifs d?Algérie ont tout d?abord été soumis à un antijudaïsme qui prit la forme d?une forte hostilité de la part de nombreux Européens envers la personne des Juifs, puis à un antisémitisme fondé sur la haine de ces Juifs en tant que groupe ethnique ou racial. Antijudaïsme et antisémitisme ont donné naissance à des comportements, des mises à l?écart, des campagnes d?opinion agressives. Cette animosité éclata en crises violentes, à la fin du XIXe siècle et dans l?entre-deux-guerres, avec des manifestations, des émeutes, des » ?mesures antijuives? », prises par les « ?conseils municipaux antijuifs? », soutenus par des « ?députés anijuifs? ». En dehors des moments de crise ouverte où la population descendait dans la rue, les relations interpersonnelles indiquaient la persistance de l?antisémitisme dans la population. Après avoir décrit les grandes périodes de cette « ?idéologie de masse? » selon l?auteur, cet ouvrage détaille l?implication de la population européenne et musulmane dans cet antisémitisme et les conséquences qui en résultèrent pour les Juifs. Enfin, l?accent est mis sur ce qui explique la prégnance de l??antisémitisme en Algérie? : ses fondements idéologiques et son appareil, son expression dans l?espace public ??occupation de la rue et manifestations, fêtes, langue spécifique, journaux et caricatures?? lui ayant permis de s?imposer dans l?espace public tant auprès de ses fidèles que de ses détracteurs. 606 $aReligion 606 $aHistory 606 $aantisémitisme 606 $aAlgérie 606 $ajuif 606 $aantijudaïsme 607 $aAlgeria$xHistory$y1830-1962 610 $aantisémitisme 610 $aAlgérie 610 $ajuif 610 $aantijudaïsme 615 4$aReligion 615 4$aHistory 615 4$aantisémitisme 615 4$aAlgérie 615 4$ajuif 615 4$aantijudaïsme 700 $aDermenjian$b Geneviève$0408735 701 $aStora$b Benjamin$0244710 801 0$bFR-FrMaCLE 906 $aBOOK 912 $a9910502599303321 996 $aAntijudaïsme et antisémitisme en Algérie coloniale$93040753 997 $aUNINA LEADER 03305nam 2200553I 450 001 9910955092903321 005 20200320115809.0 010 $a1-83867-040-8 010 $a1-83867-038-6 035 $a(CKB)4100000010235123 035 $a(MiAaPQ)EBC6119598 035 $a(Au-PeEL)EBL6119598 035 $a(OCoLC)1143624094 035 $a(UtOrBLW)9781838670405 035 $a(EXLCZ)994100000010235123 100 $a20200320d2020 uy 0 101 0 $aeng 135 $aurun||||||||| 181 $ctxt$2rdacontent 182 $cc$2rdamedia 183 $acr$2rdacarrier 200 10$aEducation, retirement and career transitions for 'Black' ex-professional footballers $e'from being idolised to stacking shelves' /$fauthored by Paul Campbell (Coventry University, UK) 205 $a1st ed. 210 1$aLondon, England :$cEmerald Publishing,$d[2020] 210 4$d©2020 215 $a1 online resource (128 pages) 225 1 $aEmerald Points 300 $aIncludes index. 311 08$a1-83867-041-6 320 $aIncludes bibliographical references. 327 $aChapter one : Introduction -- Chapter two : Working-class soccer schoolboys, race and education in England -- Chapter three : Football professionals, qualifications and post-playing career preparations -- Chapter four : Retirement, training and transitions into non-sport work -- Chapter five : Conclusion. 330 $aDrawing on a combination of interviews and auto-ethnographic data, Education, Retirement and Career Transitions for 'Black' Ex-Professional Footballers provides a case-study of 16 'black' British male professional footballers' preparedness and experiences of retirement and transition from careers as professional athletes to mainstream work. The author examines these men's sporting experiences during three life phases: As professional schoolboy footballers; as professionals; and during retirement and career transition to mainstream careers. In doing so, this book expands on how these men's experiences of and preparedness for retirement and career transition are influenced and often complicated by the cultures, practices, and expectations that shaped the professional game when they were players. It also offers an account of the ways these experiences were complicated by issues of race. Researchers, students, sports enthusiasts and anyone interested in questions of race, masculinity, employment, retirement, mental health, and professional sport in late modern Britain will find Education, Retirement and Career Transitions for 'Black' Ex-Professional Footballers useful, informative and engaging. 410 0$aEmerald points. 606 $aAthletes, Black$xRetirement$zGreat Britain 606 $aSoccer players$xRetirement$zGreat Britain 606 $aSports & Recreation$xGeneral$2bisacsh 606 $aBall games$2bicssc 615 0$aAthletes, Black$xRetirement 615 0$aSoccer players$xRetirement 615 7$aSports & Recreation$xGeneral. 615 7$aBall games. 676 $a796.3 700 $aCampbell$b Paul$01092250 801 0$bUtOrBLW 801 1$bUtOrBLW 906 $aBOOK 912 $a9910955092903321 996 $aEducation, retirement and career transitions for 'Black' ex-professional footballers$94462219 997 $aUNINA